| 000 | 01013nas a2200337 4500 | ||
|---|---|---|---|
| 001 | BR2014002685 | ||
| 003 | BR-BrBNA | ||
| 005 | 20231205123951.0 | ||
| 007 | ta | ||
| 008 | 230509b bl.|||p| |||| 00| 00por d | ||
| 040 |
_aBR-BrBNA _bpor _cBiblioteca Nacional de Agricultura |
||
| 041 | _a(Pt) | ||
| 072 | _aF02 | ||
| 100 | 1 | _aMiranda, J.F. de | |
| 100 | 1 | _aBatista, I.M.P. | |
| 100 | 1 | _aTucci, C.A.F. | |
| 100 | 1 | _aAlmeida, N.O. de | |
| 100 | 1 | _aGuimarães, M. de A. | |
| 245 | 1 | _aSubstrato para produção de mudas de macaúba (Platymiscium ulei Harms)no município de Autazez, AM | |
| 650 | _aÁRVORE FLORESTAL | ||
| 650 | _aLEGUMINOSAE | ||
| 650 | _aMUDA | ||
| 650 | _aSUBSTRATO DE CULTURA | ||
| 650 | _aADUBAÇÃO | ||
| 650 | _aNUTRIÇÃO VEGETAL | ||
| 650 | _aQUÍMICA DO SOLO | ||
| 650 | _aAMAZONAS | ||
| 773 | 0 |
_tCiência Florestal (Brazil) _xISSN 0103-9954 _g(Oct-Dec 2013), v. 23(4) p. 555-562 _wBR2014002685 |
|
| 909 |
_a202311 _bLúcia _c55 _dLúcia Elande |
||
| 942 |
_2AGRIS _n0 _cANA |
||
| 999 |
_c236658 _d236658 |
||